De avonturen van Scheeve Zeven. (Record no. 5568)

MARC details
000 -LEADER
fixed length control field 00587cam a22002051 4500
001 - CONTROL NUMBER
control field af 48003398
003 - CONTROL NUMBER IDENTIFIER
control field DLC
005 - DATE AND TIME OF LATEST TRANSACTION
control field 20260227110902.0
008 - FIXED-LENGTH DATA ELEMENTS--GENERAL INFORMATION
fixed length control field 890424s1944 xx a 000 1 dut c
010 ## - LIBRARY OF CONGRESS CONTROL NUMBER
LC control number af 48003398
035 ## - SYSTEM CONTROL NUMBER
System control number (OCoLC)19591551
040 ## - CATALOGING SOURCE
Original cataloging agency California. Univ. Libr.
Transcribing agency CU
Modifying agency DLC
042 ## - AUTHENTICATION CODE
Authentication code premarc
050 00 - LIBRARY OF CONGRESS CALL NUMBER
Classification number PT6458.V464
Item number A8 1944
100 1# - MAIN ENTRY--PERSONAL NAME
Personal name Verstraete, P.
245 13 - TITLE STATEMENT
Title De avonturen van Scheeve Zeven.
Statement of responsibility, etc. Met penteekeningen van Marcel Verstraete.
250 ## - EDITION STATEMENT
Edition statement 2. uitg.
260 ## - PUBLICATION, DISTRIBUTION, ETC.
Place of publication, distribution, etc. Steenbrugge,
Name of publisher, distributor, etc. A.-J. Witteryck
Date of publication, distribution, etc. [1944]
300 ## - PHYSICAL DESCRIPTION
Extent 104 p.
Other physical details illus.
Dimensions 22 cm.

No items available.

Powered by Koha